Départements de 5 en 5 avec chefs-lieux - Statistiques

Statistiques générales
  • Ce quiz a été pris 19 fois
  • Le résultat moyen est 18 sur 20
Statistiques - réponses
Département Préfecture % Correct
2B Haute-Corse Bastia
100%
35 Îlle-et-Vilaine Rennes
100%
45 Loiret Orléans
100%
90 Territoire-de-Belfort Belfort
100%
2A Corse-du-Sud Ajaccio
95%
25 Doubs Besançon
95%
30 Gard Nîmes
95%
75 Paris Paris
95%
10 Aube Carcassonne
89%
15 Cantal Aurillac
89%
60 Oise Beauvais
89%
80 Somme Amiens
89%
85 Vendée La Roche-sur-Yon
89%
50 Manche Saint-Lô
84%
55 Meuse Bar-le-Duc
84%
95 Val d'Oise Cergy-Pontoise
84%
5 Hautes-Alpes Gap
79%
65 Hautes-Pyrénées Tarbes
79%
40 Landes Mont-de-Marsan
79%
70 Haute-Saône Vesoul
63%
Aucun quiz correspondant
Distribution des résultats
% des personnes avec chaque résultat
Percentile par nombre de réponses
Votre historique - résultats
Vous n’avez pas pris ce quiz